00293nam a2200133Ia 45000030006000000080041000060400015000471000022000622450031000842600009001153000006001245460012001300050017001420STCL150530s9999 xx 000 0 und d aSTCLcSTCL aLewin Bowring, B. aHaidar Ali and Tipu Sultan c1899 a0 aEnglish20220125171415.0